000 00582nam a2200157 4500
001 138416
003 ES-MaACL
005 20230906195548.0
007 t|
008 070214s1969 sp r ||||1| spa d
100 1 _aSandoval García, Alvaro de.
_9103110
245 1 0 _aDibujo Industrial
_b: de interés para estudios del Dibujo en Escuelas de Ingeniería, Delineantes, Universidades Laborales... /
_cAlvaro de Sandoval García.
260 _aSantander :
_b[s. n.],
_c1969 (
_fManufactura Jean)
300 _a2 v., 25 lám. :
_bil. ;
_c24 cm.
852 _aES-MaACL
_jP-1612
_bR.70863
999 _c138416
_d138416